Normal view
MARC view
- الشحف ، فريد حاتم
Entry Personal Name
001 - CONTROL NUMBER
- control field: 16103
003 - CONTROL NUMBER IDENTIFIER
- control field: JO-AjAnu
005 - DATE AND TIME OF LATEST TRANSACTION
- control field: 20230606072852.0
008 - FIXED-LENGTH DATA ELEMENTS
- fixed length control field: 230606|| aca||aabn | a|a d
040 ## - CATALOGING SOURCE
- Original cataloging agency: JO-AjAnu
- Transcribing agency: JO-AjAnu
100 ## - HEADING--PERSONAL NAME
- Personal name: الشحف ، فريد حاتم
670 ## - SOURCE DATA FOUND
- Source citation: Work cat.: (JO-AjAnu)8266: الشحف ، فريد حاتم , author, العلاقات الروسية الإيرانية وأثرها على الخريطة الجيوسياسية في منطقة الخليج العربي ومنطقة آسيا الوسطى والقفقاس